000 00377nam a2200133 4500
008 779.092 P419s
020 _a9788591666904
082 _a779.092
_bP419s
100 _aPenteado, André
_96158
245 _aO suicídio de meu pai
260 _aSão Paulo
_bEdición del autor
_c2014
300 _a153 p.
_bill (col)
_c20 cm.
650 _xfotografía, luto, suicidio, exhibiciones
_96176
999 _c1397
_d1397